إيلاستريتور 8 F/X /

يتحوى هذا الكتاب على كثير من خصائص الكتب السابقة وعلى مزايا اخرى الجيدين قاما بجمع مجموعه كبيرة من الطرق الفنية وتوضيح الإرشادات الخاصة بها لتتبعها وعلى الرغم من أن هذا الكتاب ليس للمبتئين فنحن نشعر أنك تعرف بالفعل اساسيات illustrator....

全面介绍

Saved in:
书目详细资料
主要作者: لندن، شيرى
其他作者: كلارك، مايكل، (مؤلف.)
格式: 图书
语言:阿拉伯语
出版: القاهرة : دار الفاروق للنشر والتوزيع، 2000.
主题:
标签: 添加标签
没有标签, 成为第一个标记此记录!

MARC

LEADER 00000nam a22000007a 4500
003 INP
005 20181118153540.0
008 140319s2000 ua fr 000 0 ara d
952 |0 0  |1 0  |4 0  |6 001_642400000000000_ش_إ  |7 0  |8 arabic_Boo  |9 1991  |a INP  |b INP  |c MAIN  |d 2018-03-14  |l 0  |o 001.6424 ش إ  |p 001706  |r 2022-03-28 00:00:00  |w 2018-03-14  |y BK  |0 0 
999 |c 1580  |d 1580 
017 |a 2000/3145 
020 |a 9773071103 
040 |a EG-INP  |c EG-INP  |b ara 
082 0 4 |a 001.6424  |b ش إ  |2 21 
100 1 |a لندن، شيرى. 
245 1 0 |a إيلاستريتور 8 F/X /   |c شيرى لندن، مايكل كلالرك. 
246 |a ILLustrator 8 
260 |a القاهرة :   |b دار الفاروق للنشر والتوزيع،   |c 2000. 
300 |a 744 ص ؛   |c 24 سم 
520 |a يتحوى هذا الكتاب على كثير من خصائص الكتب السابقة وعلى مزايا اخرى الجيدين قاما بجمع مجموعه كبيرة من الطرق الفنية وتوضيح الإرشادات الخاصة بها لتتبعها وعلى الرغم من أن هذا الكتاب ليس للمبتئين فنحن نشعر أنك تعرف بالفعل اساسيات illustrator. 
650 7 |a الحاسبات الالكترونية.  |2 qmark 
650 7 |a الحاسبات الالكترونية   |2 qmark  |x برامج. 
650 7 |a البيانات.  |2 qmark 
700 1 |a كلارك، مايكل،  |e مؤلف. 
901 |a EGPV4 
902 |a  EGPV5 
903 |a copycat 
942 |c BK  |2 ddc